000 00431nam a2200181Ia 4500
001 20877
005 20260306172838.0
008 260306t2023||||xx |||||||||||||| ||spa||
041 _aESP
082 _a343.8
_bM86B
100 _aMorales Mejía, Jaime,
_eAUT
245 0 _aCrédito fiscal del IGV
260 _c2023
300 _avarias paginaciones :
_c24 cm.
650 _aGEN
654 _aCCO
942 _cLIB
_dJUS
_fJUS
_2ddc
_n
999 _c20877
_d20877